• 首页
  • 本馆介绍
  • 公告通知
  • 最新文献
  • 馆藏检索
  • 电子资源
  • 读者导购
  • 参考咨询
  • 我的图书馆
  • 登录
  • 详细信息显示
  • 放入我的书架
  • 预约/预借图书
  • 作者相关作品
  • 分类相关作品
  • 丛书相关作品
  • 出版社相关作品

书目信息

  • 表格格式
  • 工作单格式
  • 卡片格式
题名:
中草药成分分离分析技术与方法
    
 
作者: 刘佳佳 , 陈晓青 , 蒋新宇 主编
分册:  
出版信息: 北京   化学工业出版社  2006
页数:
开本: 29cm
丛书名:
单 册:
中图分类: R284.2
科图分类:
主题词: 中药学
电子资源:
ISBN: 7-5025-8262-2
000 00683nam0 2200205 450
001 0754114953
005 20070929150154.95
010    @a7-5025-8262-2
100    @a20070929d km y0chiy0120 ea
101 0  @achi
200 1  @a中草药成分分离分析技术与方法@Azhong cao yao cheng fen fen li fen xi ji shu yu fang fa@f陈晓青,蒋新宇,刘佳佳 主编@Fchen xiao qing,jiang xin yu,liu jia jia zhu bian
210    @a北京@c化学工业出版社@d2006
215    @c插图@d29cm
606 0  @a中药学
690    @aR284.2@v3
701  0 @a刘佳佳@Aliu jia jia@4主编
701  0 @a陈晓青@Achen xiao qing@4主编
701  0 @a蒋新宇@Ajiang xin yu@4主编
801  0 @aCN@bPFT@c20070929
905    @a213230@dR284.2@eh40@f1
    
    中草药成分分离分析技术与方法/陈晓青,蒋新宇,刘佳佳 主编.-北京:化学工业出版社,2006
    插图;29cm
    
    
    ISBN 7-5025-8262-2:
    
●
相关链接 在E读中查询图书 在五车中查询图书 在当当中查询图书 在豆瓣中查询图书


正题名:中草药成分分离分析技术与方法     索取号:R284.2/h40         预约/预借

序号 登录号 条形码 馆藏地/架位号 状态 备注
1 6002388   260023888   密集书库-化学系/ [索取号:R284.2/h40] 在馆    
2 6002389   260023897   密集书库-化学系/ [索取号:R284.2/h40] 在馆    
3 6002390   260023904   密集书库-化学系/ [索取号:R284.2/h40] 在馆    
唐山师范学院图书馆 欢迎您!
大连网信软件有限公司© 版权所有